Statistics for Lamborghini Model by Picture

Click here to take the quiz!

General Stats

  • This quiz has been taken 39 times
  • The average score is 11 of 16

Answer Stats

Answer% Correct
Urus
100%
Aventador
97%
Veneno
97%
Gallardo
93%
Huracan
93%
Countach
90%
Diablo
90%
Miura
90%
Sesto Elemento
72%
Reventon
69%
Centenario
59%
Egoista
59%
Espada
31%
Silhouette
10%
Islero
7%
Murcielargo
3%

Score Distribution

Percentile by Number Answered

Percent of People with Each Score

Your Score History

You have not taken this quiz